| 000 | 00739nam a22002537a 4500 | ||
|---|---|---|---|
| 999 |
_c864 _d864 |
||
| 001 | 003748 | ||
| 003 | CoMeUDC003748 | ||
| 005 | 20190118220039.0 | ||
| 008 | 970417s1997 ck r 00010 spa d | ||
| 015 | _ack-1997-xxxx | ||
| 035 | _aAFX0475 LA | ||
| 040 |
_ala _cCoMeUDC |
||
| 041 | 0 | _aspa | |
| 043 | _as-ck--- | ||
| 082 | 0 | 4 |
_a352.0072 _bC422a _219 ed. |
| 100 |
_aCéspedes Solano, Diego León. _91192 |
||
| 245 | 1 | 4 |
_aLos actos administrativos municipales / _cDiego León Céspedes S. |
| 260 |
_aCali : _bEditorial Jurídica Equidad, _c1997. |
||
| 300 |
_a117 p. ; _c23 cm. |
||
| 650 | 0 |
_aAdministración municipal _z Colombia. _91193 |
|
| 650 | 6 |
_aActos administrativos _z Colombia. |
|
| 942 |
_2ddc _cBK |
||
| 949 |
_ac _bc |
||